01145nam a22003137a 4500003000500000005001700005008004100022010001000063011001000073035001000083040000900093082001400102110013700116245006000253260003900313300001000352500001000362590004100372590004100413590004100454590004200495650002300537650003900560901000700599942001000606949006400616999001700680952013400697CHAP20220329141520.0971013s1988 r 00010 d a69402 a70374 a79855 cCHAP a371.3bO7 aOrganismo Internacional Regional de Sanidad Agropecuaria. Programa Regional para el Manejo y Control de la Abeja Africanizada983515 aMetodología del proceso de la enseñanza aprendizaje aEl Salvador :bEl Organismo,c1988 a75 p. a34-56 aBATCH-UPDb10c20130110lUCH01h1555 aBATCH-UPDb10c20130410lUCH01h0952 aBATCH-UPDb10c20130914lUCH01h1237 aCONVERSIONb10c20130109lUCH01h133814aAprendizaje.9637014aEducaciónxMetodología.935463 aBK cLIBRO a371.3 O7bBCcLIBROd33724000144911eLIBROh76047i79855si c69402d69402 00102ddc4052708GRALaBCbBCcPA_GRALd2019-12-31fLIBROl0o371.3 O7p33724000144911r2019-12-31 00:00:00w2019-12-31yLIBRO